[Event "TCh-NOR Codanserien"]
[Site "masterchessopen.com Norway NOR"]
[Date "2017.03.04"]
[Round "8.2"]
[White "Machlik,Endre"]
[Black "Haug,J"]
[Result "0-1"]
[WhiteElo "2256"]
[BlackElo "2292"]

1.d4 e6 2.c4 Bb4+ 3.Nc3 c5 4.d5 Nf6 5.f3 b5 6.e4 bxc4 7.Bxc4 O-O 8.Bg5 h6
9.Bh4 Ba6 10.Bxa6 Nxa6 11.Qd3 Qb6 12.Bxf6 gxf6 13.Qc4 Bxc3+ 14.Qxc3 exd5
15.exd5 Rfe8+ 16.Ne2 Qb5 17.Qd2 Nb4 18.Kf2 Nd3+ 19.Kg3 Qb8+ 20.Nf4 c4 21.Rac1
Re2 22.Qxe2 Qxf4+ 23.Kh3 Nxc1 {#R} 0-1

[Event "TCh-NOR Codanserien"]
[Site "masterchessopen.com Norway NOR"]
[Date "2017.03.04"]
[Round "8.2"]
[White "Nordquelle,Daniel"]
[Black "Lund,Gunnar"]
[Result "0-1"]
[WhiteElo "2001"]
[BlackElo "1914"]

1.e4 e5 2.Nf3 Nc6 3.Bb5 a6 4.Ba4 Nf6 5.O-O Be7 6.Re1 b5 7.Bb3 d6 8.c3 O-O 9.h3
Nb8 10.d4 Nbd7 11.Nbd2 Bb7 12.Bc2 Re8 13.Nf1 Bf8 14.Ng3 g6 15.b3 Bg7 16.Bb2
Nb6 17.Qd3 Nfd7 18.Rad1 h5 19.Bc1 a5 20.Bg5 Qc8 21.Be3 b4 22.c4 exd4 23.Bxd4
Bxd4 24.Qxd4 Nc5 25.Nh2 Qe6 26.f3 Qe5 27.Qf2 Ne6 28.Ne2 a4 29.f4 Qc5 30.f5
Qxf2+ 31.Kxf2 Nc5 32.fxg6 fxg6 33.Nf4 axb3 34.axb3 Ra2 35.Re2 Bxe4 36.Rde1 Rf8
37.Bxe4 Rxf4+ 38.Bf3 Rxe2+ 39.Rxe2 Nxb3 40.Rb2 Nc5 41.Ke3 Rxc4 42.Nf1 Rc3+
43.Kd2 {#R} 0-1

[Event "TCh-NOR Codanserien"]
[Site "masterchessopen.com Norway NOR"]
[Date "2017.03.04"]
[Round "8.3"]
[White "Borresen,G"]
[Black "Gabrielsen,S"]
[Result "0-1"]
[WhiteElo "2264"]
[BlackElo "2300"]

1.d4 Nf6 2.c4 e6 3.Nf3 b6 4.g3 Ba6 5.Nbd2 Bb7 6.Bg2 c5 7.O-O cxd4 8.Nxd4 Bxg2
9.Kxg2 Nc6 10.Nxc6 dxc6 11.Qa4 Qc7 12.Nf3 Bd6 13.Be3 O-O 14.Rac1 c5 15.Rcd1 h6
16.Rd3 Rad8 17.Rfd1 e5 18.Nh4 Qb7+ 19.f3 Bc7 20.Nf5 Rde8 21.Ra3 e4 22.f4 a5
23.Rb3 Qc8 24.Nd6 Qg4 25.Nxe8 Qxe2+ 26.Bf2 Ng4 27.Rf1 e3 28.Nxc7 Qc2 29.Ra3
Qe4+ 30.Kg1 exf2+ 31.Rxf2 Qe1+ 32.Kg2 Qxf2+ 33.Kh3 f5 {#R} 0-1

[Event "TCh-NOR Codanserien"]
[Site "masterchessopen.com Norway NOR"]
[Date "2017.03.04"]
[Round "8.3"]
[White "Merkesvik,Sondre"]
[Black "Adnoy,H"]
[Result "0-1"]
[WhiteElo "2140"]
[BlackElo "2221"]

1.e4 d6 2.g3 Nf6 3.Bg2 e5 4.Ne2 Be7 5.d4 O-O 6.O-O c6 7.b3 exd4 8.Nxd4 d5 9.e5
Ne4 10.c4 f6 11.cxd5 cxd5 12.e6 Nc6 13.Nxc6 bxc6 14.Qc2 Bxe6 15.Qxc6 Qc8
16.Qb5 f5 17.Bb2 Qc2 18.Bd4 Rfc8 19.Qb7 Qc7 20.Qxc7 Rxc7 21.f3 Bf6 22.Bxf6
Nxf6 23.Na3 Bd7 24.Rfc1 Rac8 25.Rxc7 Rxc7 26.Kf2 Rc3 27.Ke2 f4 28.Kd2 d4
29.Rc1 Nd5 30.Nc2 Bf5 31.Bh1 Ne3 32.Ne1 Nf1+ 33.Kd1 Ne3+ 34.Kd2 Nf1+ 35.Kd1
fxg3 36.hxg3 Nxg3 37.Rxc3 dxc3 38.Bg2 Kf7 39.Nc2 Ke7 40.Ne3 Kd6 41.f4 Kc5
42.Nxf5 Nxf5 43.Be4 g6 44.a3 Kd4 45.Bc6 Ne3+ 46.Ke2 Nd5 47.Bxd5 Kxd5 48.Kd3 h5
49.Kxc3 h4 50.Kd2 h3 {#R} 0-1

[Event "TCh-NOR Codanserien"]
[Site "masterchessopen.com Norway NOR"]
[Date "2017.03.04"]
[Round "8.3"]
[White "Muhsen,A"]
[Black "Flaata,A"]
[Result "0-1"]
[WhiteElo "2194"]
[BlackElo "2101"]

1.g3 f5 2.Bg2 Nf6 3.d3 e5 4.Nd2 Bc5 5.Nh3 Nc6 6.O-O O-O 7.c3 a5 8.Qa4 Ba7 9.e3
d5 10.d4 Bd7 11.Qc2 e4 12.b3 Ne7 13.Ba3 b5 14.f3 Rb8 15.Rfc1 b4 16.Bb2 c5
17.c4 cxd4 18.exd4 Nc6 19.c5 Bc8 20.Nf1 Ba6 21.Ne3 Qd7 22.Qd2 Rbe8 23.Nf2 exf3
24.Bxf3 Ne4 25.Nxe4 fxe4 26.Bg4 Qd8 27.a3 bxa3 28.Rxa3 Qg5 29.Bc3 Bb8 30.Re1
Re7 31.Bh3 Rf3 32.Bg2 Rxg3 33.hxg3 Qxg3 34.Re2 Qh2+ 35.Kf1 Bg3 36.Nc4 Rf7+
37.Rf2 Rxf2+ 38.Qxf2 Bxf2 39.Kxf2 dxc4 40.bxc4 Qf4+ {#R} 0-1

[Event "TCh-NOR Codanserien"]
[Site "masterchessopen.com Norway NOR"]
[Date "2017.03.04"]
[Round "8.4"]
[White "Fossan,P"]
[Black "Haubro,M"]
[Result "1-0"]
[WhiteElo "2307"]
[BlackElo "2366"]

1.e4 e6 2.d4 d5 3.Nc3 Bb4 4.Ne2 dxe4 5.a3 Bxc3+ 6.Nxc3 f5 7.Be3 Nf6 8.h4 O-O
9.Qd2 Nd5 10.Bg5 Qd7 11.Nxd5 exd5 12.Be2 b6 13.h5 h6 14.Bf4 Ba6 15.Bxa6 Nxa6
16.O-O-O Kh7 17.Rh3 Rae8 18.Rg3 Re6 19.Be5 Rf7 20.Qf4 Nb8 21.Rh1 Rxe5 22.dxe5
Nc6 23.Rd1 Nd8 24.Qd2 c6 25.c4 Qe6 26.cxd5 Qxe5 27.dxc6 Nxc6 28.Qd5 Re7 29.Rc3
Qf4+ 30.Kb1 Ne5 31.Qd8 Qg5 32.Rc8 Qxh5 33.Rd6 {#r} 1-0

[Event "TCh-NOR Codanserien"]
[Site "masterchessopen.com Norway NOR"]
[Date "2017.03.04"]
[Round "8.4"]
[White "Lie,Es"]
[Black "Havik,V"]
[Result "1-0"]
[WhiteElo "2429"]
[BlackElo "2074"]

1.e4 e5 2.Nf3 Nc6 3.Bb5 a6 4.Ba4 Nf6 5.O-O Be7 6.d3 b5 7.Bb3 d6 8.a4 Bd7 9.c3
O-O 10.Nbd2 Na5 11.Bc2 c5 12.Re1 Qb6 13.d4 cxd4 14.cxd4 Nc6 15.axb5 axb5
16.Rxa8 Rxa8 17.Nb3 Bg4 18.Be3 Qc7 19.d5 Nb4 20.Bb1 Ra4 21.h3 Bh5 22.Nbd2 Na6
23.Qc1 Bg6 24.b3 Qxc1 25.Rxc1 Ra1 26.Kh2 h6 27.Nh4 Kh7 28.Nxg6 Kxg6 29.f4 Nd7
30.fxe5 dxe5 31.Rc6+ f6 32.Bd3 Nb4 33.Bxb5 Nxc6 34.dxc6 Ra5 35.c7 {#r} 1-0

[Event "TCh-NOR Codanserien"]
[Site "masterchessopen.com Norway NOR"]
[Date "2017.03.04"]
[Round "8.4"]
[White "Fossan,Andreas"]
[Black "Hammerstad,A"]
[Result "0-1"]
[WhiteElo "2061"]
[BlackElo "2228"]

1.d4 e6 2.c4 f5 3.Nc3 Nf6 4.f3 Bb4 5.Bd2 O-O 6.a3 Bxc3 7.Bxc3 d6 8.e3 Qe7
9.Qd2 e5 10.Be2 Re8 11.O-O-O Nbd7 12.h3 Nb6 13.g4 Na4 14.gxf5 Nxc3 15.Qxc3
exd4 16.exd4 Bxf5 17.Bf1 Nh5 18.Ne2 c6 19.Rg1 Bg6 20.f4 Qf6 21.Qf3 Qf5 22.Rxg6
hxg6 23.h4 Re7 24.d5 c5 25.Bh3 Qe4 26.Qxe4 Rxe4 27.Be6+ Kh7 28.f5 Rxe2 29.Rg1
Nf4 30.fxg6+ Kh6 31.Bg4 Rg2 {#R} 0-1

[Event "TCh-NOR Codanserien"]
[Site "masterchessopen.com Norway NOR"]
[Date "2017.03.04"]
[Round "8.5"]
[White "Saevareid,O"]
[Black "Nilsen,Jo"]
[Result "0-1"]
[WhiteElo "2177"]
[BlackElo "2415"]

1.c4 b6 2.Nc3 Bb7 3.e4 e6 4.g3 Bb4 5.Nge2 f5 6.Bg2 Nf6 7.d3 O-O 8.O-O fxe4
9.dxe4 Ng4 10.Nf4 Ne5 11.Nce2 Bc5 12.Qc2 Nbc6 13.b3 g5 14.Nh3 Qf6 15.Nxg5 h6
16.Nh3 Nf3+ 17.Kh1 Qxa1 18.Bxf3 Rxf3 19.Kg2 Nb4 20.Qd2 Bxe4 {#R} 0-1

[Event "TCh-NOR Codanserien"]
[Site "masterchessopen.com Norway NOR"]
[Date "2017.03.04"]
[Round "8.5"]
[White "Ranaldi,Lucas"]
[Black "Manne,P"]
[Result "1-0"]
[WhiteElo "2324"]
[BlackElo "2150"]

1.d4 d5 2.c4 e6 3.Nc3 Nf6 4.Bg5 Be7 5.e3 h6 6.Bxf6 Bxf6 7.Nf3 c6 8.Qd2 Nd7
9.Rd1 O-O 10.Be2 b6 11.e4 dxe4 12.Nxe4 Be7 13.O-O Bb7 14.Rfe1 Nf6 15.Nxf6+
Bxf6 16.Qc2 Qc7 17.c5 Rfd8 18.Rd2 Rd7 19.Red1 Rad8 20.b4 b5 21.Ne5 Bxe5
22.dxe5 Rxd2 23.Rxd2 Rxd2 24.Qxd2 Qxe5 25.Qd8+ Kh7 26.Bd3+ f5 27.Qd7 Qd5
28.Qxd5 exd5 29.Bxf5+ g6 30.Bd7 Kg7 31.f4 Kf7 32.Kf2 Ke7 33.Bg4 Kd8 34.Ke3 Bc8
35.Be2 Bf5 36.Kd4 h5 37.Ke5 Ke7 38.Bxh5 Be4 39.Bf3 Bxf3 40.gxf3 Kf7 41.h4 Kg7
42.f5 gxf5 43.Kxf5 Kh6 44.Ke5 {#r} 1-0

[Event "TCh-NOR Codanserien"]
[Site "masterchessopen.com Norway NOR"]
[Date "2017.03.04"]
[Round "8.5"]
[White "Sandal,Eirik"]
[Black "Risting,Eivind Olav"]
[Result "0-1"]
[WhiteElo "2080"]
[BlackElo "2214"]

1.c4 e5 2.Nc3 Nc6 3.g3 Bc5 4.Bg2 d6 5.e3 a6 6.Nge2 Ba7 7.O-O h5 8.d4 h4 9.b4
hxg3 10.fxg3 Nf6 11.c5 Bh3 12.Bxh3 Rxh3 13.Kg2 Rh8 14.Ng1 dxc5 15.bxc5 exd4
16.exd4 Qxd4 17.Re1+ Kf8 18.Qf3 Ng4 19.h3 Nge5 20.Rxe5 Nxe5 21.Qxb7 Re8
22.Nge2 Qxc5 23.Ne4 Qc6 24.Rb1 Qxb7 25.Rxb7 Bb6 26.Ba3+ Kg8 27.N2c3 Nc4 28.Bb4
Rh5 {#R} 0-1

[Event "TCh-NOR Codanserien"]
[Site "masterchessopen.com Norway NOR"]
[Date "2017.03.05"]
[Round "9.1"]
[White "Salomon,J"]
[Black "Gullaksen,E"]
[Result "1-0"]
[WhiteElo "2498"]
[BlackElo "2366"]

1.d4 Nf6 2.Bf4 g6 3.Nc3 d5 4.e3 Bg7 5.h4 h5 6.Nf3 Bf5 7.Bd3 Bxd3 8.Qxd3 c6
9.Ne5 Nbd7 10.f3 Nxe5 11.Bxe5 Qb6 12.O-O-O O-O-O 13.Kb1 Ne8 14.Bxg7 Nxg7 15.e4
e6 16.Na4 Qa5 17.Nc5 Ne8 18.c4 b6 19.Nb3 Qa6 20.Rc1 Nd6 21.Nd2 Kb7 22.Rhd1 Rd7
23.b3 Rhd8 24.Qc3 Rc8 25.Qb4 c5 26.dxc5 Rxc5 27.e5 Nf5 28.Ne4 Rcc7 29.c5 Qa5
30.Nd6+ Ka6 31.Qxa5+ Kxa5 32.g4 Nxh4 33.c6 Re7 34.gxh5 Nxf3 35.h6 Ng5 36.Rd4
b5 37.Rg4 Nh7 38.a4 a6 39.axb5 axb5 40.Kb2 f6 41.Rxg6 fxe5 42.Rg7 Kb6 43.Rxe7
{#r} 1-0

[Event "TCh-NOR Codanserien"]
[Site "masterchessopen.com Norway NOR"]
[Date "2017.03.05"]
[Round "9.1"]
[White "Haldorsen,Benjamin"]
[Black "Djurhuus,R"]
[Result "1-0"]
[WhiteElo "2281"]
[BlackElo "2413"]

1.e4 c5 2.Nf3 d6 3.d4 cxd4 4.Nxd4 Nf6 5.Nc3 a6 6.Be3 e6 7.Qd2 b5 8.f3 b4
9.Nce2 e5 10.Nb3 Nc6 11.c4 Be6 12.Ng3 Be7 13.Rd1 O-O 14.Bd3 a5 15.O-O a4
16.Nc1 Qa5 17.Nce2 Bd8 18.Kh1 b3 19.axb3 Qxd2 20.Bxd2 axb3 21.Nf5 Bc7 22.Nc3
Bxf5 23.exf5 Bb6 24.g4 Nd4 25.Bg5 Bc5 26.Bxf6 gxf6 27.Be4 Ra7 28.Ra1 Rd8
29.Rxa7 Bxa7 30.Ra1 Rd7 31.Nd5 Kg7 32.h4 h6 33.Kg2 Ne2 34.Ra3 Bd4 35.Rxb3 Ra7
36.g5 hxg5 37.hxg5 Nf4+ 38.Nxf4 exf4 39.Rd3 Bc5 40.g6 Ra2 41.Rd2 Ba3 42.c5
Bxc5 43.Bd5 Ra1 44.gxf7 Kf8 45.Re2 Be3 46.Rc2 Rc1 47.Rxc1 Bxc1 48.b3 {#r} 1-0

[Event "TCh-NOR Codanserien"]
[Site "masterchessopen.com Norway NOR"]
[Date "2017.03.05"]
[Round "9.1"]
[White "Nordquelle,Daniel"]
[Black "Martinsen,S"]
[Result "0-1"]
[WhiteElo "2001"]
[BlackElo "2175"]

1.e4 d6 2.d4 Nf6 3.Nc3 g6 4.Be3 a6 5.Qd2 b5 6.a3 Nbd7 7.f3 Bb7 8.Nge2 Nb6 9.b3
h5 10.h4 Bg7 11.Rd1 Nbd7 12.a4 c6 13.g3 Qc7 14.axb5 axb5 15.Bh3 e5 16.O-O Rd8
17.f4 b4 18.Na4 Nxe4 19.Qxb4 exd4 20.Nxd4 c5 21.Nb5 Qb8 22.Qe1 O-O 23.Bxd7
Rxd7 24.Nxc5 dxc5 25.Rxd7 Bc6 26.Re7 Qxb5 27.f5 Bc3 28.Qd1 Nxg3 29.Rf2 Bf6
30.fxg6 Bxe7 31.Bh6 f5 32.Qe1 Be4 33.Bxf8 Kxf8 34.Qc3 Kg8 35.Qxg3 c4 36.Qc7
Qc5 37.Qb8+ Kg7 38.b4 Qxb4 39.Qe5+ Bf6 40.Qc7+ Kxg6 41.Qg3+ Kh6 42.Qf4+ Kg6
43.Rd2 Qc3 44.Kh2 Be5 {#R} 0-1

[Event "TCh-NOR Codanserien"]
[Site "masterchessopen.com Norway NOR"]
[Date "2017.03.05"]
[Round "9.2"]
[White "Kaasen,Tor Fredrik"]
[Black "Ostmoe,G"]
[Result "1-0"]
[WhiteElo "1943"]
[BlackElo "2466"]

1.e4 e5 2.Nf3 Nc6 3.Bc4 Nf6 4.d3 Be7 5.O-O O-O 6.Re1 d6 7.a4 h6 8.a5 Rb8 9.c3
Nh7 10.d4 Bf6 11.Be3 a6 12.Nbd2 Ng5 13.d5 Ne7 14.Nxg5 Bxg5 15.Bxg5 hxg5 16.Be2
g6 17.b4 Kg7 18.c4 c6 19.Qb3 f5 20.f3 b6 21.Qc3 bxa5 22.Rxa5 Qc7 23.Rc1 Qa7+
24.Kh1 Qf2 25.c5 Rh8 26.cxd6 Kf6 27.Nf1 fxe4 28.dxe7 Bh3 29.gxh3 Qxe2 30.Ng3
Qxf3+ 31.Qxf3+ exf3 32.d6 Rxb4 33.Rxe5 Kxe5 34.d7 Rbb8 35.e8=Q+ {#r} 1-0

[Event "TCh-NOR Codanserien"]
[Site "masterchessopen.com Norway NOR"]
[Date "2017.03.05"]
[Round "9.2"]
[White "Hammerstad,A"]
[Black "Machlik,Monika"]
[Result "0-1"]
[WhiteElo "2228"]
[BlackElo "2048"]

1.d4 Nf6 2.c4 e6 3.Nc3 Bb4 4.Qc2 O-O 5.Nf3 c5 6.dxc5 Na6 7.g3 Nxc5 8.Bg2 b6
9.Nd4 Bb7 10.Bxb7 Nxb7 11.a3 Bxc3+ 12.Qxc3 Rc8 13.b3 d5 14.Qf3 e5 15.Nf5 Nd6
16.Nxd6 Qxd6 17.cxd5 e4 18.Qf5 Nxd5 19.O-O Nc3 20.Be3 Nxe2+ 21.Kg2 Nc3 22.a4
Qd5 23.Qxd5 Nxd5 24.Bd4 Nb4 25.Rad1 Nd3 26.a5 Rfd8 27.Be3 bxa5 28.Bxa7 Rd5
29.Ra1 Rb5 30.Ra3 f5 31.Be3 Rd8 32.Rfa1 Rdd5 33.Bd2 Nxf2 34.Bxa5 Ng4 35.Bc3
Rd7 36.h3 Ne3+ 37.Kf2 Nd1+ 38.Rxd1 Rxd1 39.Ra8+ Kf7 40.Ra7+ Ke6 41.Rxg7 Rxb3
42.Ke2 Rd7 43.Rxd7 Kxd7 44.Be5 Ke6 {#R} 0-1

[Event "TCh-NOR Codanserien"]
[Site "masterchessopen.com Norway NOR"]
[Date "2017.03.05"]
[Round "9.2"]
[White "Vestby-Ellingsen,Mads"]
[Black "Aulin Jansson,J"]
[Result "0-1"]
[WhiteElo "2084"]
[BlackElo "2280"]

1.Nf3 d5 2.g3 c6 3.Bg2 Bf5 4.O-O e6 5.b3 Nf6 6.Bb2 Be7 7.c4 O-O 8.d3 a5 9.a3
h6 10.Nbd2 Nbd7 11.Ra2 Bh7 12.Qa1 a4 13.b4 c5 14.Rc1 d4 15.bxc5 e5 16.Nxe5
Nxe5 17.Bxb7 Rb8 18.Bxd4 Nxd3 19.exd3 Rxb7 20.c6 Rb8 21.c7 Qxc7 22.Be5 Qd7
23.Bxb8 Rxb8 24.d4 Qh3 25.Nf1 Be4 26.f4 Bxa3 27.Re1 Bb4 28.Ree2 a3 29.Nd2 Bxd2
30.Rxe4 Nxe4 31.Rxa3 Bc3 32.Qd1 Bxd4+ {#R} 0-1

[Event "TCh-NOR Codanserien"]
[Site "masterchessopen.com Norway NOR"]
[Date "2017.03.05"]
[Round "9.3"]
[White "Nordahl,H"]
[Black "Mork,K"]
[Result "1-0"]
[WhiteElo "2338"]
[BlackElo "2293"]

1.d4 Nf6 2.c4 e6 3.Nf3 Nc6 4.a3 d6 5.Nc3 g6 6.e4 Bg7 7.Be2 O-O 8.O-O Re8 9.d5
Ne7 10.Bf4 h6 11.Rc1 g5 12.Be3 Ng6 13.Qc2 Qe7 14.Rfe1 Ng4 15.Bd2 c6 16.dxc6
bxc6 17.c5 dxc5 18.Na4 Nf6 19.Nxc5 e5 20.Red1 g4 21.Ne1 Nf4 22.Bf1 h5 23.Ned3
Nxd3 24.Bxd3 Nh7 25.Be3 h4 26.Bc4 h3 27.gxh3 Qh4 28.Kh1 gxh3 29.Qe2 Bg4 30.f3
Bh5 31.Rg1 Kh8 32.Rg3 f5 33.Rcg1 fxe4 34.Nxe4 Nf6 35.Bg5 Qxe4 36.Bxf6 Qf5
37.Bxg7+ Kh7 38.Bd3 e4 39.Bxe4 Bxf3+ 40.Qxf3 {#r} 1-0

[Event "TCh-NOR Codanserien"]
[Site "masterchessopen.com Norway NOR"]
[Date "2017.03.05"]
[Round "9.4"]
[White "Tari,A"]
[Black "Kyrkjebo,Erlend"]
[Result "1-0"]
[WhiteElo "2570"]
[BlackElo "2098"]

1.e4 c5 2.Nf3 d6 3.d4 cxd4 4.Nxd4 Nf6 5.Nc3 g6 6.Be3 Bg7 7.f3 O-O 8.Qd2 Nc6
9.O-O-O d5 10.Qe1 e5 11.Nxc6 bxc6 12.exd5 Nxd5 13.Bc4 Be6 14.Kb1 a5 15.Ne4 Rb8
16.Bb3 Qc7 17.Bc5 Rfd8 18.g4 Rb7 19.Ba3 Ra7 20.Nc5 Bc8 21.Qe4 f5 22.Qa4 Bf8
23.Rd2 Qb6 24.Qc4 Ba6 25.Qc3 Kh8 26.Bxd5 cxd5 27.Qxe5+ Bg7 28.Qe6 Qb5 29.Rxd5
Re8 30.Nxa6 Rxa6 31.Qxg6 Qxb2+ 32.Bxb2 hxg6 33.Bxg7+ Kxg7 34.gxf5 Re2 35.Rg1
Rxh2 36.Rxg6+ Rxg6 37.fxg6 Kxg6 38.Rxa5 {#r} 1-0

[Event "TCh-NOR Codanserien"]
[Site "masterchessopen.com Norway NOR"]
[Date "2017.03.05"]
[Round "9.4"]
[White "Kizatbay,Alseit"]
[Black "Christiansen,Johan-Sebastian"]
[Result "0-1"]
[WhiteElo "1979"]
[BlackElo "2408"]

1.c4 e5 2.Nc3 Nc6 3.g3 Bc5 4.Bg2 d6 5.d3 a6 6.Nf3 Ba7 7.e3 Nge7 8.a3 O-O 9.b4
h6 10.O-O Be6 11.Re1 Qd7 12.Qe2 Rae8 13.Bb2 Bg4 14.b5 axb5 15.Nxb5 Bb6 16.Bc3
f5 17.Qb2 f4 18.Nd2 Bh3 19.Nxd6 Bxg2 20.Nxe8 f3 21.Bxe5 Qh3 22.Bf4 Bd4 {#R}
0-1

[Event "TCh-NOR Codanserien"]
[Site "masterchessopen.com Norway NOR"]
[Date "2017.03.05"]
[Round "9.5"]
[White "Hauge,Lars Oskar"]
[Black "Nilsen,Jo"]
[Result "1-0"]
[WhiteElo "2404"]
[BlackElo "2415"]

1.d4 d5 2.Bf4 Nf6 3.e3 c5 4.Nc3 cxd4 5.exd4 a6 6.Nf3 Nc6 7.Ne5 Bd7 8.Nxc6 Bxc6
9.Qf3 e6 10.O-O-O Rc8 11.Kb1 Qb6 12.Ne2 Ba4 13.b3 Ne4 14.Bc1 Bb5 15.Bb2 Bb4
16.c4 Bd7 17.Ng3 Nd2+ 18.Rxd2 Bxd2 19.Nh5 Bh6 20.Qg3 Qb4 21.Bc3 Qf8 22.Bd3 f6
23.Re1 Qf7 24.Bb4 a5 25.Ba3 Bd2 26.Nxg7+ Kd8 27.Nxe6+ Bxe6 28.Qd6+ Qd7 29.Qb6+
Qc7 30.Qxe6 {#r} 1-0

[Event "TCh-NOR Codanserien"]
[Site "masterchessopen.com Norway NOR"]
[Date "2017.03.05"]
[Round "9.5"]
[White "Bae,T"]
[Black "Mihajlov,Seb"]
[Result "0-1"]
[WhiteElo "2413"]
[BlackElo "2372"]

1.d4 Nf6 2.Nf3 g6 3.Bf4 Bg7 4.h3 O-O 5.e3 d5 6.Nbd2 c5 7.c3 Nfd7 8.Be2 Nc6
9.O-O e5 10.dxe5 Ndxe5 11.Nxe5 Nxe5 12.Nf3 Nxf3+ 13.Bxf3 Be6 14.Qb3 Qd7
15.Rfd1 Rad8 16.Rac1 b6 17.Qa3 Qb5 18.Rd2 Rd7 19.Bd1 Qc6 20.Bf3 Qb5 21.Bd1 Qc6
22.Bf3 Rfd8 23.Rcd1 b5 24.Qa5 h6 25.a4 a6 26.axb5 axb5 27.Ra1 g5 28.Bg3 c4
29.Qa6 Qb7 30.Qa5 Bf5 31.e4 dxe4 32.Qxd8+ Rxd8 33.Rxd8+ Kh7 34.Bg4 Bxg4
35.hxg4 e3 36.fxe3 Qe4 37.Rf1 Qxg4 38.Bh2 Qe6 39.Rb8 Qxe3+ 40.Kh1 Qd3 41.Rf2
Qd1+ 42.Bg1 Qh5+ 43.Bh2 Qd1+ 44.Bg1 Be5 {#R} 0-1